| 000 | 00422nam a2200169Ia 4500 | ||
|---|---|---|---|
| 008 | 170705s9999 xx 000 0 und d | ||
| 020 | _a9780590487627 | ||
| 245 | _aWhen this box is full / | ||
| 245 | _cPatricia Lillie ; pictures by Donald Crews. | ||
| 260 | _aNew York : | ||
| 260 | _bScholastic, | ||
| 260 | _c1993 | ||
| 300 | _a28 pages : | ||
| 300 | _bcolor illustration ; | ||
| 300 | _c25cm. | ||
| 500 | _a210 | ||
| 999 |
_c335468 _d335468 |
||